000 00485nam a2200181Ia 4500
001 21218
005 20260306172903.0
008 260306t2016||||xx |||||||||||||| ||spa||
041 _aESP
082 _a344.2
_bR47I
100 _aReyna Alfaro, Luis Miguel
_eAUT
245 0 _aIntroducción a la teoría del delito y a las consecuencias jurídicas del delito
260 _c2016
300 _a462 páginas :
_c25 cm.
650 _aGEN
654 _aCDE
942 _cLIB
_dJUS
_fJUS
_2ddc
_n
999 _c21218
_d21218